12 Mars 2025 | Économie - Statistiques

Statistiques générales
  • Ce quiz a été pris 28 fois
  • Le résultat moyen est 4 sur 15
Statistiques - réponses
Question Réponse % Correct
Qu'est-ce que le PIB ? Produit Intérieur Brut
91%
Quel terme désigne une augmentation générale des prix dans une économie ? Inflation
87%
Quel terme désigne une baisse généralisée des prix dans une économie ? Déflation
74%
Qui a développé la théorie de la main invisible ? Adam Smith
43%
Quel économiste est surtout connu pour son livre "La richesse des nations" ? Adam Smith
39%
Quel économiste a introduit le concept de "demande effective" ? John Maynard Keynes
39%
Qu'est ce que le protectionnisme ? Une politique visant à protéger les industries nationales de la concurrence étrangère.
17%
Qu'est ce que le capital humain ? L'ensemble des compétences, connaissances et expériences détenues par un individu.
9%
Quel est le principal objectif d'une banque centrale ? Stabiliser la monnaie et contrôler l'inflation
9%
Qu'est-ce que le marché concurrentiel ? Un marché où de nombreux vendeurs et acheteurs interagissent librement.
4%
Quel modèle économique propose une redistribution des richesses pour réduire les inégalités ? Économie sociale de marché
0%
Quel mouvement économique se concentre sur le bien-être social en plus du profit ? Économie sociale et solidaire
0%
Quel économiste est connu pour sa théorie de la rationalité limitée ? Herbert Simon
0%
Quel indice mesure la variation des prix d'un panier de biens de consommation ? L'Indice des Prix à la Consommation (IPC)
0%
Quel terme désigne une mesure pour stimuler l'économie pendant une récession ? Politique de relance Économique
0%
Aucun quiz correspondant
Distribution des résultats
% des personnes avec chaque résultat
Percentile par nombre de réponses
Votre historique - résultats
Vous n’avez pas pris ce quiz